Statistics for Paramount Leaders of China

Click here to take the quiz!

General Stats

  • This quiz has been taken 3,969 times
  • The average score is 3 of 6

Answer Stats

Reign Leader % Correct
1949 - 1976Mao Zedong
99%
2012 -Xi Jinping
84%
1978 - 1992Deng Xiaoping
53%
2002 - 2012Hu Jintao
35%
1992 - 2002Jiang Zemin
18%
1976 - 1978Hua Guofeng
12%

Score Distribution

Percentile by Number Answered

Percent of People with Each Score

Your Score History

You have not taken this quiz